[Event "World Youth U-16 Olympiad 2018"]
[Site "Konya"]
[Date "2018.11.30"]
[Round "7"]
[White "Oflaz, Avni"]
[Black "Tempany, Max"]
[Result "1/2-1/2"]
[WhiteElo "1361"]
[BlackElo "1508"]
[Annotator "NA RC"]
[PlyCount "132"]
[EventDate "2018.11.25"]
[EventType "team-tourn"]
[EventCountry "TUR"]
[SourceTitle "playchess.com"]
[Source "ChessBase"]
[SourceQuality "1"]
[WhiteTeam "Turkey"]
[BlackTeam "Ireland"]
[WhiteTeamCountry "TUR"]
[BlackTeamCountry "IRL"]

1. e4 c5 2. Nf3 d6 3. d4 cxd4 4. Nxd4 Nf6 5. Nc3 a6 6. Be3 Ng4 7. Qd2 Nxe3 8. Qxe3 e6 9. Bc4 Be7 10. O-O O-O 11. Rad1 Qc7 12. Bb3 b5 13. a3 Nc6 14. Kh1 Ne5 15. f4 Nc4 16. Bxc4 Qxc4 17. e5 dxe5 18. fxe5 Bb7 19. Nf3 Qc7 20. Rd3 Bc5 21. Qe2 Rfd8 22. Rfd1 Rxd3 23. Rxd3 Rd8 24. Ne4 Be7 25. h3 Bd5 26. Rd4 Rc8 27. c3 Qc6 28. Qe3 a5 29. Nfd2 Qc7 30. Qg3 Rd8 31. Kh2 Kf8 32. Ng5 h6 33. Nge4 Qc6 34. Qf4 Qc7 35. Qg3 Bxe4 36. Rxd8+ Qxd8 37. Nxe4 Qb6 38. Qd3 b4 39. axb4 axb4 40. cxb4 Qxb4 41. b3 Qa5 42. Qd4 Qb5 43. Qc3 Qd5 44. Nd2 Bg5 45. Nf3 Be7 46. Qc8+ Qd8 47. Qxd8+ Bxd8 48. Kg3 Bb6 49. Kf4 Ke7 50. Ke4 h5 51. g4 hxg4 52. hxg4 f6 53. exf6+ gxf6 54. Nd4 Kd6 55. Nb5+ Kc6 56. Nd4+ Kd7 57. Nb5 Bc5 58. Nd4 Ke7 59. Nc6+ Kd7 60. Nd4 Bb4 61. Nb5 Ba5 62. Nd4 Bb4 63. Nb5 Be7 64. Nd4 e5 65. Nf5 Bf8 66. Kd5 Ba3 1/2-1/2

[Event "World Youth U-16 Olympiad 2018"]
[Site "Konya"]
[Date "2018.11.30"]
[Round "7"]
[White "Putter, Nicola"]
[Black "Chicarosie, Ioana-Bianca"]
[Result "0-1"]
[WhiteElo "1351"]
[BlackElo "1508"]
[Annotator "NA RC"]
[PlyCount "138"]
[EventDate "2018.11.25"]
[EventType "team-tourn"]
[EventCountry "TUR"]
[SourceTitle "playchess.com"]
[Source "ChessBase"]
[SourceQuality "1"]
[WhiteTeam "South Africa"]
[BlackTeam "Romania"]
[WhiteTeamCountry "RSA"]
[BlackTeamCountry "ROU"]

1. e4 e6 2. d4 d5 3. e5 c5 4. c3 Nc6 5. Nf3 Qb6 6. a3 c4 7. Nbd2 Na5 8. Rb1 Bd7 9. g3 Ne7 10. Bg2 Nc8 11. O-O Qc7 12. Re1 Nb6 13. b3 cxb3 14. Nxb3 Ba4 15. Nfd2 Qxc3 16. Bb2 Qc7 17. Qe2 Nxb3 18. Nxb3 Nc4 19. Nd2 b5 20. Rbc1 Rb8 21. Nb1 Be7 22. Nc3 Qa5 23. Na2 Qb6 24. Nc3 Qa6 25. f4 O-O 26. f5 Bxa3 27. Bxa3 Nxa3 28. f6 g6 29. Qd2 Kh8 30. Qh6 Rg8 31. Bxd5 Qb6 32. Nxa4 Qxd4+ 33. Qe3 Qxe3+ 34. Rxe3 exd5 35. Rxa3 bxa4 36. Rxa4 Ra8 37. Rd1 Rgd8 38. Rad4 a5 39. Rxd5 Rxd5 40. Rxd5 a4 41. Rd2 a3 42. Ra2 Kg8 43. Kf2 Kf8 44. Ke3 Ra4 45. Kd3 Ke8 46. Kc3 Kd7 47. Rd2+ Ke6 48. Kb3 Ra5 49. Re2 a2 50. Rxa2 Rxa2 51. Kxa2 Kxe5 52. Kb3 Kxf6 53. Kc4 Kg5 54. h3 h5 55. Kd4 h4 56. Ke3 hxg3 57. Kf3 Kh4 58. Kg2 f5 59. Kg1 Kxh3 60. Kh1 g2+ 61. Kg1 g5 62. Kf2 Kh2 63. Ke3 g1=Q+ 64. Kf3 Qg4+ 65. Kf2 Qg3+ 66. Kf1 Qg2+ 67. Ke1 f4 68. Kd1 f3 69. Ke1 Qe2# 0-1

[Event "World Youth U-16 Olympiad 2018"]
[Site "Konya"]
[Date "2018.11.30"]
[Round "7"]
[White "Chabane, Lina"]
[Black "Benrekia, Yacine"]
[Result "0-1"]
[WhiteElo "1326"]
[BlackElo "1689"]
[Annotator "NA RC"]
[PlyCount "72"]
[EventDate "2018.11.25"]
[EventType "team-tourn"]
[EventCountry "TUR"]
[SourceTitle "playchess.com"]
[Source "ChessBase"]
[SourceQuality "1"]
[WhiteTeam "Algeria"]
[BlackTeam "Algeria"]
[WhiteTeamCountry "ALG"]
[BlackTeamCountry "ALG"]

1. e4 c5 2. Nf3 Nc6 3. d4 cxd4 4. Nxd4 Nf6 5. Nc3 e5 6. Nb3 Bb4 7. f3 d5 8. exd5 Nxd5 9. Bd2 Nxc3 10. bxc3 Be7 11. Bd3 O-O 12. O-O Be6 13. Be3 Rc8 14. Qe1 b6 15. Rd1 Qc7 16. f4 Bg4 17. Rd2 f5 18. fxe5 Qxe5 19. Bc4+ Kh8 20. Rd5 Qe4 21. Rf4 Qxc2 22. h3 Bh5 23. Na1 Qb2 24. Rdxf5 Rxf5 25. Rxf5 Bg6 26. Rf1 Bf6 27. Bd2 Ne5 28. Bb3 Qa3 29. Bg5 Qc5+ 30. Be3 Qxc3 31. Qg3 Qb4 32. Bf4 Nd3 33. Bd6 Qd4+ 34. Kh1 Bh4 35. Qf3 Qxd6 36. Qg4 Rc1 0-1

[Event "World Youth U-16 Olympiad 2018"]
[Site "Konya"]
[Date "2018.11.30"]
[Round "7"]
[White "Kadyrkulov, Saiid"]
[Black "Borhy, Marcell"]
[Result "0-1"]
[WhiteElo "1325"]
[BlackElo "2201"]
[Annotator "RC"]
[PlyCount "50"]
[EventDate "2018.11.25"]
[EventType "team-tourn"]
[EventCountry "TUR"]
[SourceTitle "playchess.com"]
[Source "ChessBase"]
[SourceQuality "1"]
[WhiteTeam "Kyrgyzstan"]
[BlackTeam "Hungary"]
[WhiteTeamCountry "KGZ"]
[BlackTeamCountry "HUN"]

1. e4 c5 2. Nf3 d6 3. d4 cxd4 4. Nxd4 Nf6 5. Nc3 g6 6. Be2 Bg7 7. Be3 a6 8. a4 Nbd7 9. O-O b6 10. f3 Bb7 11. Qd2 O-O 12. a5 b5 13. Na2 d5 14. exd5 Nxd5 15. Bh6 Bxh6 16. Qxh6 Qxa5 17. Nc3 Qb6 18. Kh1 Qxd4 19. Rfd1 Qe5 20. f4 Nxf4 21. Bf1 Nf6 22. Qh4 Qf5 23. Rd2 g5 24. Qf2 b4 25. Ne2 Ne4 0-1

[Event "World Youth U-16 Olympiad 2018"]
[Site "Konya"]
[Date "2018.11.30"]
[Round "7"]
[White "Gedik, Kerem Bilge"]
[Black "Ni Laighleis, Aisling"]
[Result "1-0"]
[WhiteElo "1211"]
[BlackElo "1188"]
[Annotator "NA RC"]
[PlyCount "41"]
[EventDate "2018.11.25"]
[EventType "team-tourn"]
[EventCountry "TUR"]
[SourceTitle "playchess.com"]
[Source "ChessBase"]
[SourceQuality "1"]
[WhiteTeam "Turkey"]
[BlackTeam "Ireland"]
[WhiteTeamCountry "TUR"]
[BlackTeamCountry "IRL"]

1. e4 e5 2. Nf3 Nc6 3. Bc4 Bc5 4. d3 d6 5. h3 h6 6. Be3 Bxe3 7. fxe3 Nf6 8. Nc3 Be6 9. Bb3 O-O 10. O-O Qe7 11. Nd5 Bxd5 12. exd5 Na5 13. e4 Nxb3 14. axb3 Qd7 15. Nh4 a6 16. Qe2 Rac8 17. Rxf6 Qe7 18. Raf1 c6 19. Qh5 Rc7 20. Rxh6 gxh6 21. Nf5 1-0

[Event "World Youth U-16 Olympiad 2018"]
[Site "Konya"]
[Date "2018.12.01"]
[Round "8"]
[White "Esipenko, Andrey"]
[Black "Can, Isik"]
[Result "1-0"]
[WhiteElo "2593"]
[BlackElo "2382"]
[Annotator "TA"]
[PlyCount "133"]
[EventDate "2018.11.25"]
[EventType "team-tourn"]
[EventCountry "TUR"]
[SourceTitle "playchess.com"]
[Source "ChessBase"]
[SourceQuality "1"]
[WhiteTeam "Russia"]
[BlackTeam "Turkey"]
[WhiteTeamCountry "RUS"]
[BlackTeamCountry "TUR"]

1. d4 d5 2. Bf4 c5 3. e3 cxd4 4. exd4 Nc6 5. c3 Bf5 6. Nd2 e6 7. Qb3 Qd7 8. Ngf3 Nge7 9. h4 h5 10. Be2 Ng6 11. Bg3 Bd6 12. Bxd6 Qxd6 13. g3 O-O-O 14. O-O-O Kb8 15. Nf1 Be4 16. Rg1 Na5 17. Qa4 Bxf3 18. Bxf3 Nc4 19. Be2 Rc8 20. Bxc4 Rxc4 21. Qc2 Qa6 22. Nd2 Rxd4 23. cxd4 Rc8 24. Nb3 Rxc2+ 25. Kxc2 Ne7 26. Rge1 Nf5 27. Kb1 b6 28. Rd2 Nd6 29. Red1 Nc4 30. Rc2 Qb5 31. Ka1 Qa4 32. Kb1 Qb4 33. Ka1 Nd6 34. Nc1 a5 35. a3 Qa4 36. Kb1 Nb5 37. Rcd2 f6 38. Rd3 Nc7 39. R1d2 e5 40. dxe5 fxe5 41. Re3 Qe8 42. Nd3 e4 43. Nf4 Qb5 44. Rc3 Qd7 45. Re3 Qb5 46. Re1 Qb3 47. Ka1 b5 48. Ne2 b4 49. Nd4 Qc4 50. Kb1 Qa6 51. a4 Ne6 52. Nb5 Qb7 53. Red1 d4 54. Nxd4 Nxd4 55. Rxd4 Qf7 56. R1d2 Qb3 57. Rxe4 Qxa4 58. Re7 Kc8 59. Rd4 Qb5 60. Rf4 Kd8 61. Rxg7 Qd3+ 62. Kc1 Qd6 63. Rff7 Ke8 64. Rc7 Qh6+ 65. f4 Kd8 66. Rgd7+ Ke8 67. Rh7 1-0

[Event "World Youth U-16 Olympiad 2018"]
[Site "Konya"]
[Date "2018.12.01"]
[Round "8"]
[White "Abdusattorov, Nodirbek"]
[Black "Firouzja, Alireza"]
[Result "1/2-1/2"]
[WhiteElo "2546"]
[BlackElo "2607"]
[Annotator "TA"]
[PlyCount "32"]
[EventDate "2018.11.25"]
[EventType "team-tourn"]
[EventCountry "TUR"]
[SourceTitle "playchess.com"]
[Source "ChessBase"]
[SourceQuality "1"]
[WhiteTeam "Uzbekistan"]
[BlackTeam "Iran"]
[WhiteTeamCountry "UZB"]
[BlackTeamCountry "IRI"]

1. e4 c5 2. Nf3 d6 3. d4 cxd4 4. Nxd4 Nf6 5. f3 e5 6. Nb3 Be6 7. c4 Nbd7 8. Nc3 a5 9. Be3 a4 10. Nc1 Qa5 11. Qd2 Be7 12. Nd5 Bd8 13. Bd3 Nc5 14. Be2 Bd7 15. Nxf6+ gxf6 16. Nd3 Qxd2+ 1/2-1/2

[Event "World Youth U-16 Olympiad 2018"]
[Site "Konya"]
[Date "2018.12.01"]
[Round "8"]
[White "Sindarov, Javokhir"]
[Black "Daghli, Arash"]
[Result "1/2-1/2"]
[WhiteElo "2513"]
[BlackElo "2344"]
[Annotator "TA"]
[PlyCount "69"]
[EventDate "2018.11.25"]
[EventType "team-tourn"]
[EventCountry "TUR"]
[SourceTitle "playchess.com"]
[Source "ChessBase"]
[SourceQuality "1"]
[WhiteTeam "Uzbekistan"]
[BlackTeam "Iran"]
[WhiteTeamCountry "UZB"]
[BlackTeamCountry "IRI"]

1. e4 e5 2. Nf3 Nc6 3. d4 exd4 4. Nxd4 Bc5 5. Nxc6 Qf6 6. Qf3 Qxf3 7. gxf3 dxc6 8. Rg1 g6 9. Bc4 Nf6 10. Be3 Be7 11. Nd2 Be6 12. Bxe6 fxe6 13. Ke2 Nh5 14. Nb3 Bd6 15. h3 b6 16. Rad1 c5 17. Nd2 O-O-O 18. Nc4 Bf4 19. Rxd8+ Rxd8 20. Bxf4 Nxf4+ 21. Ke3 Rf8 22. Ne5 Nh5 23. b3 a5 24. a4 Rf4 25. Rg4 Rf8 26. Rg1 Rf4 27. c3 Rh4 28. Nf7 Nf6 29. c4 Kd7 30. Ng5 h6 31. Nf7 g5 32. Ne5+ Ke8 33. Rh1 Nd7 34. Nxd7 Kxd7 35. Rd1+ 1/2-1/2

[Event "World Youth U-16 Olympiad 2018"]
[Site "Konya"]
[Date "2018.12.01"]
[Round "8"]
[White "Ivic, Velimir"]
[Black "Engel, Luis"]
[Result "1/2-1/2"]
[WhiteElo "2497"]
[BlackElo "2466"]
[Annotator "TA"]
[PlyCount "97"]
[EventDate "2018.11.25"]
[EventType "team-tourn"]
[EventCountry "TUR"]
[SourceTitle "playchess.com"]
[Source "ChessBase"]
[SourceQuality "1"]
[WhiteTeam "Serbia"]
[BlackTeam "Germany"]
[WhiteTeamCountry "SRB"]
[BlackTeamCountry "GER"]

1. e4 c5 2. Nf3 d6 3. d4 cxd4 4. Nxd4 Nf6 5. Nc3 a6 6. Bg5 e6 7. f4 h6 8. Bh4 Qb6 9. a3 Be7 10. Qd3 Nxe4 11. Bxe7 Nxc3 12. Qxc3 Kxe7 13. O-O-O Rd8 14. Qe3 Ke8 15. Bc4 Nc6 16. g4 Qc5 17. Ba2 Nxd4 18. Rxd4 b5 19. Rg1 Ra7 20. g5 Rc7 21. c3 e5 22. Re1 Be6 23. fxe5 dxe5 24. Rxd8+ Kxd8 25. Bxe6 Qxe3+ 26. Rxe3 fxe6 27. Rxe5 Ke7 28. gxh6 gxh6 29. Rh5 Kd6 30. Rxh6 Rg7 31. h4 Rg1+ 32. Kc2 Rg2+ 33. Kb3 a5 34. Rh8 a4+ 35. Ka2 Rh2 36. h5 e5 37. h6 Kc7 38. h7 Kb7 39. Kb1 e4 40. Kc1 e3 41. Kd1 Ka7 42. Ke1 Kb7 43. Re8 Rxh7 44. Rxe3 Kb6 45. Kd2 Kc5 46. Kd3 Rd7+ 47. Kc2 Rh7 48. Kd3 Rd7+ 49. Kc2 1/2-1/2

[Event "World Youth U-16 Olympiad 2018"]
[Site "Konya"]
[Date "2018.12.01"]
[Round "8"]
[White "Iniyan, P."]
[Black "Muradli, Mahammad"]
[Result "0-1"]
[WhiteElo "2462"]
[BlackElo "2420"]
[Annotator "TA"]
[PlyCount "122"]
[EventDate "2018.11.25"]
[EventType "team-tourn"]
[EventCountry "TUR"]
[SourceTitle "playchess.com"]
[Source "ChessBase"]
[SourceQuality "1"]
[WhiteTeam "IND"]
[BlackTeam "AZE"]
[BlackTeamCountry "AZE"]

1. d4 d5 2. c4 e6 3. Nc3 Be7 4. Nf3 Nf6 5. Bf4 O-O 6. e3 Nbd7 7. c5 Nh5 8. Bd3 Nxf4 9. exf4 b6 10. b4 a5 11. a3 c6 12. O-O Qc7 13. g3 Ba6 14. Bxa6 Rxa6 15. Qe2 Rfa8 16. b5 cxb5 17. Nxb5 Qc6 18. cxb6 Rxb6 19. a4 Rc8 20. Na7 Qc2 21. Qe1 Rc4 22. Rc1 Qa2 23. Nc8 Bb4 24. Nxb6 Bxe1 25. Nxc4 dxc4 26. Rfxe1 h6 27. Ne5 Nf6 28. Rxc4 Ne4 29. Rf1 Nd2 30. Rc8+ Kh7 31. Rfc1 f6 32. Nd7 h5 33. R8c3 Qd5 34. Nb6 Qb7 35. Nc4 Nf3+ 36. Rxf3 Qxf3 37. h4 Qc6 38. f5 exf5 39. d5 Qxd5 40. Ne3 Qd7 41. Rc4 g5 42. hxg5 fxg5 43. Rc5 Qxa4 44. Rxf5 Kg6 45. Rc5 Qa1+ 46. Kg2 a4 47. Rc6+ Kf7 48. Rc7+ Ke8 49. Rc5 Qf6 50. Ra5 Qb6 51. Ra8+ Kd7 52. Nd5 Qc6 53. Rxa4 Qxd5+ 54. Kh2 Qf3 55. Rd4+ Ke6 56. Kg1 Kf5 57. Rb4 Qc3 58. Rb8 Kg4 59. Kh2 Qd2 60. Rf8 h4 61. Kg1 Kh3 0-1

[Event "World Youth U-16 Olympiad 2018"]
[Site "Konya"]
[Date "2018.12.01"]
[Round "8"]
[White "Thilakarathne, G M H"]
[Black "Skalsky, Alexandr"]
[Result "1/2-1/2"]
[WhiteElo "2446"]
[BlackElo "2106"]
[Annotator "TA"]
[PlyCount "49"]
[EventDate "2018.11.25"]
[EventType "team-tourn"]
[EventCountry "TUR"]
[SourceTitle "playchess.com"]
[Source "ChessBase"]
[SourceQuality "1"]
[WhiteTeam "Sri Lanka"]
[BlackTeam "Czech Republic"]
[WhiteTeamCountry "SRI"]
[BlackTeamCountry "CZE"]

1. e4 c5 2. Nf3 g6 3. c3 d5 4. exd5 Qxd5 5. d4 Bg7 6. Nbd2 Nf6 7. Bc4 Qd6 8. Ne5 O-O 9. Qb3 e6 10. Ndf3 cxd4 11. cxd4 Nc6 12. Nxc6 bxc6 13. O-O Rb8 14. Qc2 Nd5 15. a3 c5 16. Bxd5 Qxd5 17. Qxc5 Qxc5 18. dxc5 Ba6 19. Rd1 Rfc8 20. Rd7 Rxc5 21. Rxa7 Be2 22. Be3 Bxb2 23. Re1 Rc2 24. Nd4 Bxd4 25. Bxd4 1/2-1/2

[Event "World Youth U-16 Olympiad 2018"]
[Site "Konya"]
[Date "2018.12.01"]
[Round "8"]
[White "Petriashvili, Nikoloz"]
[Black "Nogerbek, Kazybek"]
[Result "1/2-1/2"]
[WhiteElo "2441"]
[BlackElo "2346"]
[Annotator "RC"]
[PlyCount "124"]
[EventDate "2018.11.25"]
[EventType "team-tourn"]
[EventCountry "TUR"]
[SourceTitle "playchess.com"]
[Source "ChessBase"]
[SourceQuality "1"]
[WhiteTeam "Georgia"]
[BlackTeam "Kazakhstan"]
[WhiteTeamCountry "GEO"]
[BlackTeamCountry "KAZ"]

1. c4 Nf6 2. Nc3 e5 3. g3 d5 4. cxd5 Nxd5 5. Bg2 Nb6 6. Nf3 Nc6 7. O-O Be7 8. b3 O-O 9. Bb2 Re8 10. Rc1 Bf8 11. d3 Nd4 12. Nd2 c6 13. e3 Ne6 14. Nc4 Nxc4 15. bxc4 Nc5 16. d4 exd4 17. exd4 Nd7 18. Qb3 Qb6 19. c5 Qxb3 20. axb3 Nf6 21. d5 Nxd5 22. Nxd5 cxd5 23. Bxd5 Rb8 24. b4 Bd7 25. Bc3 g6 26. Rfe1 Bg7 27. Bd2 Bc6 28. Bxc6 bxc6 29. Rxe8+ Rxe8 30. Rc2 Be5 31. Ra2 Bb8 32. Kg2 f6 33. Ra6 Rc8 34. Kf3 Kf7 35. Bf4 Bxf4 36. Kxf4 Rb8 37. Rxa7+ Ke6 38. Ra4 Kd5 39. Ke3 Kc4 40. Ra6 Kb5 41. Ra7 Kxb4 42. Rxh7 Kxc5 43. Rg7 Rb3+ 44. Ke2 Rb2+ 45. Kf3 Rb3+ 46. Kg4 Rb4+ 47. f4 g5 48. Kf5 gxf4 49. gxf4 Kd4 50. h4 Rb5+ 51. Kg6 Ke4 52. h5 Kxf4 53. h6 Rg5+ 54. Kxf6 Rf5+ 55. Kg6 Rg5+ 56. Kf7 Rh5 57. Rg6 c5 58. Rc6 Rh1 59. Kg7 Rg1+ 60. Rg6 Rh1 61. h7 Rxh7+ 62. Kxh7 Ke4 1/2-1/2

[Event "World Youth U-16 Olympiad 2018"]
[Site "Konya"]
[Date "2018.12.01"]
[Round "8"]
[White "Brodsky, David"]
[Black "Sargsyan, Shant"]
[Result "1/2-1/2"]
[WhiteElo "2415"]
[BlackElo "2484"]
[Annotator "TA"]
[PlyCount "134"]
[EventDate "2018.11.25"]
[EventType "team-tourn"]
[EventCountry "TUR"]
[SourceTitle "playchess.com"]
[Source "ChessBase"]
[SourceQuality "1"]
[WhiteTeam "United States"]
[BlackTeam "Armenia"]
[WhiteTeamCountry "USA"]
[BlackTeamCountry "ARM"]

1. e4 e5 2. Nf3 Nc6 3. Bc4 Bc5 4. O-O Nf6 5. d3 d6 6. c3 a5 7. Bg5 h6 8. Bh4 g5 9. Bg3 O-O 10. Re1 Bb6 11. Na3 Nh7 12. Nd2 g4 13. Bb3 h5 14. h4 Ne7 15. Ndc4 Ba7 16. d4 a4 17. Bc2 f6 18. Qd2 Qe8 19. Ne3 Bd7 20. Rad1 Rd8 21. Qd3 Kh8 22. Nac4 b5 23. Na3 Rf7 24. Qe2 Rb8 25. Bb1 Rg7 26. Nac2 Be6 27. Nb4 Qf7 28. Qd2 Rf8 29. Qd3 c5 30. dxc5 dxc5 31. Nbd5 c4 32. Qd2 Rd8 33. Qc1 Rgg8 34. Nb4 Bc5 35. Ned5 Rd7 36. Nxe7 Rxe7 37. Nd5 Rd7 38. Re2 Kg7 39. Red2 Rgd8 40. Nc7 Rxd2 41. Nxe6+ Qxe6 42. Rxd2 Rxd2 43. Qxd2 Nf8 44. Kf1 Qd6 45. Qd5 Ne6 46. Ke1 Qxd5 47. exd5 Nc7 48. Be4 Ne8 49. a3 Nd6 50. Bc2 Kf7 51. Ke2 Bb6 52. f3 gxf3+ 53. gxf3 Bc5 54. Bb1 Kg7 55. Bc2 Kf7 56. Bh2 Kg7 57. f4 e4 58. f5 Kf8 59. Bxd6+ Bxd6 60. Bxe4 Bf4 61. Kd1 Ke7 62. Bf3 Bg3 63. Bxh5 Bxh4 64. Kc2 Bg3 65. Bg6 Bf4 66. Bh7 Kf8 67. Bg6 Ke7 1/2-1/2

[Event "World Youth U-16 Olympiad 2018"]
[Site "Konya"]
[Date "2018.12.01"]
[Round "8"]
[White "Vlachos, Anatole"]
[Black "Kosakowski, Jakub"]
[Result "1-0"]
[WhiteElo "2405"]
[BlackElo "2415"]
[Annotator "RC"]
[PlyCount "81"]
[EventDate "2018.11.25"]
[EventType "team-tourn"]
[EventCountry "TUR"]
[SourceTitle "playchess.com"]
[Source "ChessBase"]
[SourceQuality "1"]
[WhiteTeam "Greece"]
[BlackTeam "Poland"]
[WhiteTeamCountry "GRE"]
[BlackTeamCountry "POL"]

1. f4 d5 2. Nf3 g6 3. e3 Bg7 4. Be2 Nf6 5. O-O O-O 6. d3 c5 7. Kh1 Nc6 8. Ne5 Qc7 9. Nxc6 bxc6 10. Nc3 Ba6 11. Qe1 Nd7 12. e4 e6 13. Rf3 f5 14. e5 Rf7 15. b3 Kh8 16. h4 Rg8 17. Na4 Bf8 18. c4 d4 19. Ba3 h6 20. Rh3 Be7 21. Qf2 Qd8 22. Rg1 Bc8 23. Qf3 Bb7 24. g4 fxg4 25. Qxg4 Qf8 26. Bc1 Kh7 27. Bf3 Rf5 28. Be4 Qf7 29. h5 Nf8 30. hxg6+ Rxg6 31. Bxf5 exf5 32. Qh5 Rxg1+ 33. Kxg1 Qe6 34. Ba3 Nd7 35. Kf1 Bf8 36. Rg3 Bc8 37. Rg5 Be7 38. Rg2 Bf8 39. Qh4 Be7 40. Qg3 Bf8 41. Nxc5 1-0

[Event "World Youth U-16 Olympiad 2018"]
[Site "Konya"]
[Date "2018.12.01"]
[Round "8"]
[White "Schitco, Ivan"]
[Black "Subelj, Jan"]
[Result "1-0"]
[WhiteElo "2387"]
[BlackElo "2373"]
[Annotator "NA"]
[PlyCount "71"]
[EventDate "2018.11.25"]
[EventType "team-tourn"]
[EventCountry "TUR"]
[SourceTitle "playchess.com"]
[Source "ChessBase"]
[SourceQuality "1"]
[WhiteTeam "Moldova"]
[BlackTeam "Slovenia"]
[WhiteTeamCountry "MDA"]
[BlackTeamCountry "SLO"]

1. d4 Nf6 2. c4 e6 3. g3 d5 4. Bg2 dxc4 5. Nf3 Bd7 6. Ne5 Bc6 7. Nxc6 Nxc6 8. O-O Qd7 9. e3 Rd8 10. f4 Nb4 11. a3 Nd3 12. Nd2 b5 13. a4 a6 14. axb5 axb5 15. b3 Nd5 16. Nf3 Be7 17. bxc4 bxc4 18. Qc2 Nb6 19. Bd2 O-O 20. Ba5 Rc8 21. Rfb1 e5 22. Nxe5 Nxe5 23. fxe5 f6 24. Bxb6 cxb6 25. Rxb6 fxe5 26. Rb7 Qd6 27. Raa7 Bf6 28. Qf5 Rb8 29. Be4 g6 30. Qd7 Rxb7 31. Qxb7 Qe7 32. Qxe7 Bxe7 33. Rxe7 exd4 34. exd4 Rc8 35. Kf2 c3 36. Bc2 1-0

[Event "World Youth U-16 Olympiad 2018"]
[Site "Konya"]
[Date "2018.12.01"]
[Round "8"]
[White "Barseghyan, Armen Ar."]
[Black "Niemann, Hans"]
[Result "1/2-1/2"]
[WhiteElo "2386"]
[BlackElo "2449"]
[Annotator "TA"]
[PlyCount "77"]
[EventDate "2018.11.25"]
[EventType "team-tourn"]
[EventCountry "TUR"]
[SourceTitle "playchess.com"]
[Source "ChessBase"]
[SourceQuality "1"]
[WhiteTeam "Armenia"]
[BlackTeam "United States"]
[WhiteTeamCountry "ARM"]
[BlackTeamCountry "USA"]

1. d4 Nf6 2. Nf3 e6 3. e3 c5 4. Bd3 d5 5. b3 Nc6 6. Bb2 cxd4 7. exd4 Bb4+ 8. c3 Be7 9. Nbd2 O-O 10. O-O a6 11. Qe2 b5 12. Ne5 Bb7 13. f4 Re8 14. Rae1 Bf8 15. g4 g6 16. Qf2 Bg7 17. h3 Rc8 18. g5 Nd7 19. Ng4 b4 20. c4 Ne7 21. cxd5 Bxd5 22. Nc4 Bxc4 23. bxc4 Qb6 24. Kh2 Nf5 25. c5 Qa5 26. Bxf5 exf5 27. Nh6+ Bxh6 28. gxh6 Rxe1 29. Rxe1 Qxa2 30. c6 Nf8 31. Rc1 Ne6 32. Rc2 Qb3 33. d5 Qxd5 34. Qh4 Qd8 35. Qe1 Qd5 36. Qxb4 Qd3 37. Rd2 Qe3 38. Be5 a5 39. Qxa5 1/2-1/2

[Event "World Youth U-16 Olympiad 2018"]
[Site "Konya"]
[Date "2018.12.01"]
[Round "8"]
[White "Badelka, Olga"]
[Black "Isik, Alparslan"]
[Result "1-0"]
[WhiteElo "2385"]
[BlackElo "2220"]
[Annotator "NA"]
[PlyCount "81"]
[EventDate "2018.11.25"]
[EventType "team-tourn"]
[EventCountry "TUR"]
[SourceTitle "playchess.com"]
[Source "ChessBase"]
[SourceQuality "1"]
[WhiteTeam "Belarus"]
[BlackTeam "Turkey"]
[WhiteTeamCountry "BLR"]
[BlackTeamCountry "TUR"]

1. d4 Nf6 2. c4 c5 3. d5 e5 4. Nc3 d6 5. e4 Be7 6. h3 O-O 7. Nf3 Nbd7 8. Be2 a6 9. a4 Ne8 10. O-O g6 11. Bh6 Ng7 12. Qd2 Kh8 13. Rae1 Nf6 14. Nh2 Ng8 15. Be3 f5 16. f4 Bh4 17. fxe5 Bxe1 18. Rxe1 dxe5 19. Bxc5 Re8 20. exf5 gxf5 21. Nf3 Nf6 22. Qh6 Ng8 23. Qb6 Qxb6 24. Bxb6 Nf6 25. b4 Nd7 26. Bc7 e4 27. Nd4 Ne5 28. c5 Bd7 29. Rc1 Rac8 30. Bxe5 Rxe5 31. c6 bxc6 32. Bxa6 Rc7 33. dxc6 Bxc6 34. Nce2 Bb7 35. Rxc7 Bxa6 36. b5 Ne8 37. Rc1 Bb7 38. a5 Nd6 39. a6 Ba8 40. b6 Ra5 41. b7 1-0

[Event "World Youth U-16 Olympiad 2018"]
[Site "Konya"]
[Date "2018.12.01"]
[Round "8"]
[White "Degraeve, Remy"]
[Black "Gorshtein, Ido"]
[Result "0-1"]
[WhiteElo "2384"]
[BlackElo "2384"]
[Annotator "NA"]
[PlyCount "60"]
[EventDate "2018.11.25"]
[EventType "team-tourn"]
[EventCountry "TUR"]
[SourceTitle "playchess.com"]
[Source "ChessBase"]
[SourceQuality "1"]
[WhiteTeam "France"]
[BlackTeam "Israel"]
[WhiteTeamCountry "FRA"]
[BlackTeamCountry "ISR"]

1. e4 c6 2. d4 d5 3. e5 Bf5 4. Nd2 e6 5. Nb3 c5 6. dxc5 Bxc5 7. Nxc5 Qa5+ 8. c3 Qxc5 9. Be3 Qc7 10. f4 Nc6 11. Nf3 Nge7 12. Be2 O-O 13. O-O Be4 14. Rc1 Rfd8 15. b4 d4 16. Bxd4 Bxf3 17. Rxf3 Rac8 18. Rd3 Nxd4 19. Rxd4 Qb6 20. Kh1 Rxd4 21. cxd4 Rxc1 22. Qxc1 Qxd4 23. a3 g6 24. g3 Qe4+ 25. Kg1 Qxe2 26. Qc7 Qd1+ 27. Kg2 Nf5 28. Qxb7 Ne3+ 29. Kf2 Qd2+ 30. Kf3 Qg2+ 0-1

[Event "World Youth U-16 Olympiad 2018"]
[Site "Konya"]
[Date "2018.12.01"]
[Round "8"]
[White "Kamer, Kayra"]
[Black "Zarubitski, Viachaslau"]
[Result "1/2-1/2"]
[WhiteElo "2379"]
[BlackElo "2415"]
[Annotator "TA"]
[PlyCount "136"]
[EventDate "2018.11.25"]
[EventType "team-tourn"]
[EventCountry "TUR"]
[SourceTitle "playchess.com"]
[Source "ChessBase"]
[SourceQuality "1"]
[WhiteTeam "Turkey"]
[BlackTeam "Belarus"]
[WhiteTeamCountry "TUR"]
[BlackTeamCountry "BLR"]

1. e4 c5 2. Nf3 e6 3. d4 cxd4 4. Nxd4 Nc6 5. Nc3 Qc7 6. f4 a6 7. Nxc6 bxc6 8. e5 d6 9. exd6 Bxd6 10. Ne4 Be7 11. Bd3 Nf6 12. O-O O-O 13. Qf3 Bb7 14. b3 c5 15. Bb2 Bxe4 16. Bxe4 Nxe4 17. Qxe4 c4 18. Rf3 Rac8 19. Kh1 cxb3 20. Rg3 g6 21. Rc3 Qd6 22. axb3 Rxc3 23. Bxc3 Rc8 24. Be5 Qc6 25. Qxc6 Rxc6 26. c3 f6 27. Bd4 Kf7 28. g3 Bd6 29. c4 e5 30. fxe5 Bxe5 31. Bxe5 fxe5 32. Kg2 Rb6 33. Ra3 Ke6 34. Kf3 Kf5 35. g4+ Ke6 36. Ke4 Rd6 37. Ra5 Rd4+ 38. Ke3 Rxg4 39. Rxa6+ Kf5 40. c5 Rh4 41. Kd3 e4+ 42. Kd4 e3+ 43. Kxe3 Ke5 44. Rb6 Rh3+ 45. Kd2 Kd4 46. b4 Rxh2+ 47. Ke1 Kd5 48. Kd1 Rb2 49. Kc1 Rf2 50. c6 Kd6 51. b5 Rf7 52. Rb8 h5 53. Rd8+ Kc7 54. Rg8 h4 55. Kd2 h3 56. Rh8 Kb6 57. Rb8+ Ka7 58. Rh8 Kb6 59. Rb8+ Kc5 60. Rb7 h2 61. c7 Rf2+ 62. Ke3 Rf3+ 63. Ke2 Rf8 64. c8=Q+ Rxc8 65. Rh7 Kxb5 66. Kf3 Rc2 67. Kg3 Kc6 68. Rxh2 Rxh2 1/2-1/2